[Event "ROM-ch U12"]
[Site "Baile Felix"]
[Date "2017.02.08"]
[Round "8"]
[White "Buca, Dragos Stefan"]
[Black "Lazan, Dragos Andrei"]
[Result "1-0"]
[WhiteElo "1311"]
[BlackElo "1209"]
[PlyCount "79"]
[EventDate "2017.02.02"]
[EventType "swiss"]
[EventRounds "9"]
[EventCountry "ROU"]
[SourceTitle "CBM 176 Extra"]
[Source "ChessBase"]
[SourceDate "2017.03.02"]
[SourceVersion "1"]
[SourceVersionDate "2017.03.02"]
[SourceQuality "1"]

1. e4 c5 2. Nc3 e6 3. f4 d5 4. Nf3 dxe4 5. Nxe4 Nf6 6. Nc3 Bd6 7. g3 a6 8. Bg2 0-0 9. 0-0 Qc7 10. d3 Nc6 11. Ng5 h6 12. Nge4 Nxe4 13. Nxe4 b5 14. Qh5 Qe7 15. Kh1 Bb7 16. g4 f5 17. Ng3 Qf7 18. Qh4 Nd4 19. Rf2 Bxg2+ 20. Rxg2 Nf3 21. Qh3 Qb7 22. Be3 Nd4 23. Bxd4 cxd4 24. Rf1 Rac8 25. Kg1 Rc6 26. gxf5 Qc8 27. Ne4 exf5 28. Qxh6 Rf7 29. Nxd6 Rxd6 30. Qxd6 Rf6 31. Qxf6 Qd7 32. Re1 Kh8 33. Qh4+ Kg8 34. Qe7 Qxe7 35. Rxe7 g5 36. Rxg5+ Kf8 37. Ra7 b4 38. Rxf5+ Ke8 39. Rh5 b3 40. Rh8# 1-0

[Event "ROM-ch U10"]
[Site "Calimanesti"]
[Date "2015.04.06"]
[Round "9"]
[White "Danila, Stefan"]
[Black "Lazan, Dragos Andrei"]
[Result "0-1"]
[WhiteElo "1153"]
[BlackElo "1106"]
[PlyCount "96"]
[EventDate "2015.03.30"]
[EventType "swiss"]
[EventRounds "9"]
[EventCountry "ROU"]
[SourceTitle "CBM 165 Extra"]
[Source "ChessBase"]
[SourceDate "2015.04.21"]
[SourceVersion "1"]
[SourceVersionDate "2015.04.21"]
[SourceQuality "1"]

1. e4 c5 2. c3 Nc6 3. d4 cxd4 4. cxd4 e6 5. Nf3 d5 6. e5 g6 7. Nc3 Bg7 8. Nb5 Bf8 9. Ng5 f6 10. Nxe6 Bxe6 11. exf6 Nxf6 12. Bf4 Rc8 13. Bd3 a6 14. Nc3 Bg7 15. 0-0 0-0 16. Na4 Nd7 17. Bd6 Rf7 18. Re1 Bf5 19. Bxf5 Rxf5 20. Qb3 Bxd4 21. Re2 b5 22. Nc3 Nf6 23. Bg3 Bb6 24. Bh4 g5 25. Bg3 Nd4 26. Qd1 Nxe2+ 27. Qxe2 Rc6 28. Rd1 d4 29. h3 Rfc5 30. Be5 Qe7 31. Bxf6 Qxf6 32. Ne4 Qe5 33. Qd3 Rc1 34. Qb3+ Kg7 35. Ng3 Bc7 36. Qf3 Ba5 37. Nh5+ Kg6 38. Ng3 Rxd1+ 39. Qxd1 Qe1+ 40. Qxe1 Bxe1 41. Ne4 Rc1 42. Kh2 d3 43. f3 Rc4 44. h4 gxh4 45. Nc3 Bxc3 46. bxc3 d2 47. g3 d1Q 48. Kh3 Qh1# 0-1

[Event "ROM-ch U10"]
[Site "Calimanesti"]
[Date "2015.04.05"]
[Round "8"]
[White "Lazan, Dragos Andrei"]
[Black "Bordei, Rares Gabriel"]
[Result "0-1"]
[WhiteElo "1106"]
[BlackElo "1263"]
[PlyCount "68"]
[EventDate "2015.03.30"]
[EventType "swiss"]
[EventRounds "9"]
[EventCountry "ROU"]
[SourceTitle "CBM 165 Extra"]
[Source "ChessBase"]
[SourceDate "2015.04.21"]
[SourceVersion "1"]
[SourceVersionDate "2015.04.21"]
[SourceQuality "1"]

1. d4 d5 2. Nf3 Nf6 3. e3 Bg4 4. c4 e6 5. Nc3 Bb4 6. cxd5 exd5 7. Bd2 Nbd7 8. Bd3 Bxc3 9. Bxc3 Ne4 10. Be2 Qf6 11. Qb3 Qc6 12. Bb5 Qd6 13. Bxd7+ Qxd7 14. Qxb7 0-0 15. Ne5 Qe6 16. Qc6 Qf5 17. 0-0 Be2 18. Qxd5 Bxf1 19. Rxf1 Rfd8 20. Qc6 Rdc8 21. Qb7 Nxc3 22. Nc6 Nd5 23. f3 Qd7 24. e4 Nb6 25. Nxa7 Rcb8 26. Qa6 Qxd4+ 27. Rf2 Nc4 28. Nc6 Qxf2+ 29. Kxf2 Rxa6 30. Nxb8 Rxa2 31. Nc6 Rxb2+ 32. Kg3 Ne3 33. h3 Rxg2+ 34. Kf4 Nf1 0-1

[Event "ROM-ch U10"]
[Site "Calimanesti"]
[Date "2015.03.31"]
[Round "2"]
[White "Lazan, Dragos Andrei"]
[Black "Oprea, Rares Andrei"]
[Result "0-1"]
[WhiteElo "1106"]
[BlackElo "1600"]
[PlyCount "71"]
[EventDate "2015.03.30"]
[EventType "swiss"]
[EventRounds "9"]
[EventCountry "ROU"]
[SourceTitle "CBM 165 Extra"]
[Source "ChessBase"]
[SourceDate "2015.04.21"]
[SourceVersion "1"]
[SourceVersionDate "2015.04.21"]
[SourceQuality "1"]

1. d4 d5 2. Nf3 Bf5 3. e3 Nf6 4. c4 e6 5. Nc3 c6 6. c5 Nbd7 7. Bd3 Bxd3 8. Qxd3 b6 9. b4 a5 10. cxb6 axb4 11. b7 Ra7 12. Ne2 Rxb7 13. Bd2 c5 14. dxc5 Nxc5 15. Qd4 b3 16. axb3 Nxb3 17. Qa4+ Nd7 18. Rb1 Nbc5 19. Qc2 Rxb1+ 20. Qxb1 Bd6 21. 0-0 0-0 22. Rc1 Qe7 23. Qb5 Rb8 24. Qc6 Qf8 25. Ned4 Rb6 26. Rxc5 Rxc6 27. Rxc6 h6 28. Nb5 Bb4 29. Bc1 Qa8 30. Nbd4 e5 31. Rc7 exd4 32. Rxd7 Qa1 33. Rc7 Ba3 34. Rc8+ Kh7 35. Nxd4 Bxc1 36. g3 0-1

[Event "ROM-ch U08"]
[Site "Calimanesti"]
[Date "2014.04.06"]
[Round "1"]
[White "Lazan, Dragos Andrei"]
[Black "Bayer, Andrei"]
[Result "0-1"]
[WhiteElo "1070"]
[BlackElo "1035"]
[PlyCount "100"]
[EventDate "2014.04.06"]
[EventType "swiss"]
[EventRounds "9"]
[EventCountry "ROU"]
[SourceTitle "CBM 160 Extra"]
[Source "ChessBase"]
[SourceDate "2014.07.01"]
[SourceVersion "1"]
[SourceVersionDate "2014.07.01"]
[SourceQuality "1"]

1. e4 e5 2. Nf3 Nc6 3. Bc4 Bc5 4. 0-0 Nf6 5. d4 exd4 6. e5 Ng4 7. Bf4 0-0 8. h3 Nh6 9. Bxh6 gxh6 10. c3 dxc3 11. Nxc3 d6 12. exd6 Qxd6 13. Qxd6 Bxd6 14. Rad1 Rd8 15. Rfe1 Bf5 16. Bb3 Bg6 17. Nh4 a6 18. Nxg6 hxg6 19. Ne4 Bf8 20. Rxd8 Rxd8 21. Nf6+ Kg7 22. Nd5 Nd4 23. Ne3 Nxb3 24. axb3 Rd3 25. Rc1 c6 26. Rc3 Rd2 27. Rc2 Rxc2 28. Nxc2 f5 29. Nd4 Kf6 30. f4 Bc5 31. Kh2 Bxd4 32. g4 Bxb2 33. Kg3 b5 34. gxf5 Kxf5 35. b4 Ba3 36. h4 Bxb4 37. h5 gxh5 38. Kh4 a5 39. Kxh5 a4 40. Kxh6 a3 41. Kg7 a2 42. Kf7 a1Q 43. Ke8 Kf6 44. Kd7 Qa6 45. f5 Kxf5 46. Kc7 Ba5+ 47. Kd6 Qb6 48. Kd7 Qc7+ 49. Ke8 Kf6 50. Kf8 Qf7# 0-1